000 00712nam a2200217Ia 4500
008 191130s2006##################000#0#eng##
020 _a9781594512360
022 _a2006001593
040 _aACL
_cACL
082 _a302.23 COU
100 _aCouldry, Nick
245 _aListening beyond the echoes : media, ethics, and agency in an uncertain world
_cNick Couldry
260 _aBoulder, CO
_bParadigm Publishers
_cc2006
300 _axi, 172 p. ; 24 cm
500 _aIncludes bibliographical references (p. 149-161) and index
650 _aMass media - Moral and ethical aspects
650 _aMass media and culture
990 _aaa1f2e3eac10000c78c619857bfb7741
991 _a219907
999 _c233732
_d233732